| Tag |
First Indicator |
Second Indicator |
Subfields |
| LEADER |
00000nam a2200000Ia 4500 |
| 001 |
in00004295021 |
| 005 |
20200810080512.0 |
| 006 |
m g d |
| 007 |
cr bn |||a|bb| |
| 008 |
851021s1652 enk o 00| | eng d |
| 035 |
|
|
|a (OCoLC)12702043
|
| 040 |
|
|
|a EAA
|c EAA
|d m/c
|d WaOLN
|
| 037 |
|
|
|a CL0037000025
|b ProQuest Information and Learning. 300 N. Zeeb Rd., Ann Arbor, MI 48106
|
| 049 |
|
|
|a UMIA
|
| 100 |
1 |
|
|a Quarles, Francis,
|d 1592-1644.
|
| 245 |
1 |
0 |
|a Divine fancies, digested into epigrams, meditations, and observations /
|c by Fra. Quarles.
|
| 260 |
|
|
|a London :
|b Printed by G.D. for Richard Marriot
|b and are to be sold by William Sheares ...,
|c 1652.
|
| 300 |
|
|
|a 1 online resource ([34], 178, [1] pages)
|
| 336 |
|
|
|a text
|b txt
|2 rdacontent
|
| 337 |
|
|
|a computer
|b c
|2 rdamedia
|
| 338 |
|
|
|a online resource
|b cr
|2 rdacarrier
|
| 500 |
|
|
|a Reproduction of original in Huntington Library.
|
| 500 |
|
|
|a "A table of the particulars contined in these four books": pages [15]-[33]
|
| 510 |
4 |
|
|a Wing
|c Q63
|
| 533 |
|
|
|a Electronic reproduction.
|b Ann Arbor, Mich. :
|c UMI,
|d 1999-
|f (Early English books online)
|n Digital version of: (Early English books, 1641-1700 ; 820:36)
|7 s1999 miun s
|
| 830 |
|
0 |
|a Early English books online.
|
| 856 |
4 |
0 |
|u http://proxy.library.tamu.edu/login?url=https://search.proquest.com/docview/2240968324
|z Connect to the full text of this electronic book
|t 0
|
| 999 |
f |
f |
|s 6254fa58-64ef-394e-837d-22e2b80b6b06
|i db5935ac-857b-36fc-bc81-07b14509017a
|t 0
|
| 952 |
f |
f |
|a Texas A&M University
|b College Station
|c Electronic Resources
|d Available Online
|t 0
|h No information provided
|
| 998 |
f |
f |
|t 0
|l Available Online
|